[Event "ARG-ch U20"]
[Site "Buenos Aires"]
[Date "2023.02.18"]
[Round "3"]
[White "Bendahan, Matias"]
[Black "Zaldivar, Patricio"]
[Result "1-0"]
[WhiteElo "1817"]
[BlackElo "1840"]
[PlyCount "39"]
[EventDate "2023.02.17"]
[EventType "swiss"]
[EventRounds "9"]
[EventCountry "ARG"]
[SourceTitle "EXT 2024"]
[Source "ChessBase"]
[SourceDate "2023.10.10"]
[SourceVersion "1"]
[SourceVersionDate "2023.10.10"]
[SourceQuality "1"]

1. e4 c5 2. Nf3 Nc6 3. c3 d5 4. exd5 Qxd5 5. d4 Nf6 6. dxc5 Qxd1+ 7. Kxd1 Bg4 8. Be2 0-0-0+ 9. Ke1 e5 10. b4 Bxf3 11. gxf3 Nd5 12. Bc4 Be7 13. Ke2 Bf6 14. Bxd5 Rxd5 15. Nd2 Rhd8 16. Nc4 Be7 17. Be3 f5 18. Rad1 f4 19. Nd6+ R5xd6 20. cxd6 1-0

[Event "Vicente Lopez ProAm 100 Years op"]
[Site "Buenos Aires"]
[Date "2022.10.12"]
[Round "2"]
[White "Piasetski, Leon David"]
[Black "Bendahan, Matias"]
[Result "1-0"]
[WhiteElo "2225"]
[BlackElo "1834"]
[PlyCount "51"]
[EventDate "2022.10.11"]
[EventType "swiss"]
[EventRounds "9"]
[EventCountry "ARG"]
[SourceTitle "CBM 210 Extra"]
[Source "ChessBase"]
[SourceDate "2022.11.30"]
[SourceVersion "1"]
[SourceVersionDate "2022.11.30"]
[SourceQuality "1"]

1. c4 Nf6 2. Nf3 e6 3. g3 d5 4. Bg2 Be7 5. 0-0 0-0 6. d4 b6 7. cxd5 exd5 8. Nc3 Bb7 9. Ne5 Nbd7 10. Qa4 Nxe5 11. dxe5 Ne8 12. Nxd5 Bxd5 13. Rd1 c6 14. e4 Nc7 15. exd5 cxd5 16. Be3 Bc5 17. Bxc5 bxc5 18. Qc6 Qe7 19. Qd6 Rae8 20. Rac1 Qxe5 21. Qxe5 Rxe5 22. Rxc5 Re7 23. Rdc1 Na6 24. Rxd5 Nb4 25. Rd4 Rb8 26. Rxb4 1-0

[Event "ARG-ch sf 97th"]
[Site "Buenos Aires"]
[Date "2022.09.15"]
[Round "9"]
[White "Beroiz, Julian"]
[Black "Bendahan, Matias"]
[Result "1-0"]
[WhiteElo "2085"]
[BlackElo "1761"]
[PlyCount "79"]
[EventDate "2022.09.08"]
[EventType "swiss"]
[EventRounds "9"]
[EventCountry "ARG"]
[SourceTitle "CBM 210 Extra"]
[Source "ChessBase"]
[SourceDate "2022.11.30"]
[SourceVersion "1"]
[SourceVersionDate "2022.11.30"]
[SourceQuality "1"]

1. e4 e5 2. Bc4 Nf6 3. d3 Nc6 4. Nf3 Bc5 5. Nbd2 d6 6. c3 Bg4 7. h3 Bh5 8. Nf1 h6 9. Ng3 Bg6 10. 0-0 0-0 11. b4 Bb6 12. Bb3 Re8 13. Nh2 Qc8 14. Qf3 Kh7 15. Ng4 Nxg4 16. hxg4 a5 17. b5 Nd8 18. Nf5 a4 19. Bc4 Ne6 20. g3 Qd8 21. Kg2 Ng5 22. Qe2 c6 23. bxc6 bxc6 24. Rh1 d5 25. exd5 Bxf5 26. gxf5 cxd5 27. Bxg5 Qxg5 28. Bxd5 Rac8 29. Bxf7 Re7 30. Bg6+ Kh8 31. Rab1 Ba7 32. Rh5 Qf6 33. Qe4 Qc6 34. Qxc6 Rxc6 35. c4 Rd7 36. Be8 Rcc7 37. Bxd7 Rxd7 38. f6 gxf6 39. Rxh6+ Kg7 40. Rbh1 1-0

[Event "ARG-ch sf 97th"]
[Site "Buenos Aires"]
[Date "2022.09.11"]
[Round "5"]
[White "Lavergne, Guillermo"]
[Black "Bendahan, Matias"]
[Result "0-1"]
[WhiteElo "1524"]
[BlackElo "1761"]
[PlyCount "77"]
[EventDate "2022.09.08"]
[EventType "swiss"]
[EventRounds "9"]
[EventCountry "ARG"]
[SourceTitle "CBM 210 Extra"]
[Source "ChessBase"]
[SourceDate "2022.11.30"]
[SourceVersion "1"]
[SourceVersionDate "2022.11.30"]
[SourceQuality "1"]

1. d4 d5 2. c4 e6 3. Nc3 Nf6 4. Bg5 Be7 5. Nf3 0-0 6. Bxf6 Bxf6 7. e3 a6 8. Rc1 dxc4 9. Bxc4 b5 10. Bd3 Bb7 11. h4 Nd7 12. Bxh7+ Kxh7 13. Ng5+ Kh6 14. Qd3 g6 15. h5 Bxg5 16. hxg6+ Kg7 17. Rh7+ Kf6 18. f4 Bxf4 19. exf4 Ke7 20. Qg3 Nf6 21. Qg5 Kd7 22. Rg7 Ne8 23. Rxf7+ Rxf7 24. gxf7 Nd6 25. d5 Qxg5 26. dxe6+ Kxe6 27. fxg5 Kxf7 28. Ne2 Re8 29. Rxc7+ Re7 30. g6+ Kf6 31. g7 Rxg7 32. Rxg7 Kxg7 33. Nf4 Nc4 34. b3 Ne3 35. Kf2 Nd5 36. Nh5+ Kh6 37. g4 Kg5 38. Ng3 Nc3 39. Nf1 0-1